| 000 | 00605nam a22002417a 4500 | ||
|---|---|---|---|
| 003 | OSt | ||
| 005 | 20260605101136.0 | ||
| 008 | 260605b |||||||| |||| 00| 0 spa d | ||
| 020 | _a970-22-0004-0 | ||
| 040 | _cBiblioteca Ernesto Sábato | ||
| 092 |
_a428.24 _bM298 _eBDGR |
||
| 100 | _aMarcheteau, Michel | ||
| 245 |
_aInglés _b: iniciación |
||
| 250 | _a2a. ed. | ||
| 260 |
_aMéxico _bLarousse _c1999 |
||
| 300 | _a350 p. | ||
| 440 | _aIdiomas | ||
| 650 | _aIDIOMA INGLÉS-INICIAL | ||
| 700 | _aMichel Savio | ||
| 700 | _aJo-Ann Peters | ||
| 700 | _aJean-Pierre Berman | ||
| 942 |
_2ddc _cBDGR |
||
| 999 |
_c36711 _d36711 |
||